000 00322nam a22001457a 4500
008 210224b ||||| |||| 00| 0 eng d
020 _a9781585037742
041 _aeng
080 _a621
082 _a621
100 _a26
101 _aMEK
245 _aBeginners Guide to SolidWorks 2013
_cReyes, A
942 _2udc
_cBK
999 _c55155
_d55155